Elimination par catégorie - Préfectures départementales - Statistiques

Statistiques générales
  • Ce quiz a été pris 9 431 fois
    9 164 depuis la dernière actualisation
  • Le résultat moyen est 13 sur 20
Statistiques - réponses
Groupe # Catégorie % Correct
Vert 96 Préfecture métropolitaine
99%
Vert 55 ... A l'ouest de Lille
96%
Jaune 101 Préfecture Française
92%
Vert 13 ... Dans un rayon de 200 km autour de Bordeaux (Bordeaux exclu).
87%
Jaune 42 ... D'un département de moins de 400 000 habitants
84%
Vert 7 ... En Nouvelle-Aquitaine
83%
Bleu 94 Préfecture au sud de Beauvais
82%
Bleu 67 ...Mais au Nord de Rodez
80%
Rose 83 Préfecture n'étant pas préfecture de région
77%
Rose 67 ...en un seul mot
76%
Jaune 20 ... Au sud de Valence
72%
Vert 1 ... Sur le littoral. La Rochelle
71%
Rose 34 ...Au nord de Moulins
69%
Rose 3 ...Traversée par la Loire
48%
Jaune 3 ... De moins de 10 000 habitants
44%
Bleu 8 ... qui n'était pas préfecture lors de la création de son département
28%
Rose 1 ... et n'est pas située en région Centre Val de Loire. Nevers
21%
Bleu 4 ...dans la moitié est du pays
20%
Bleu 1 … avec un club ayant déjà gagné la Ligue 1 Saint-Etienne
17%
Jaune 1 ... A l'ouest de Toulouse. Basse-Terre
10%
Aucun quiz correspondant
Distribution des résultats
% des personnes avec chaque résultat
Percentile par nombre de réponses
Votre historique - résultats
Vous n’avez pas pris ce quiz depuis la dernière actualisation